Načítá se...

The government and politics of the European Union

Podrobná bibliografie
Hlavní autor: Nugent, Neil
Médium: Printed Book
Vydáno: Author, Palgrave 2003
Témata:
LEADER 004200000a22001330004500
082 |a 327 P3 
100 |a Nugent, Neil  |f Author 
245 |a The government and politics of the European Union 
260 |a Author, Palgrave 
260 |c 2003 
650 |a European Union 
942 |c BK 
999 |c 140987  |d 140983 
952 |0 0  |1 0  |4 0  |6 327_000000000000000_P3  |7 0  |9 139770  |a SIRP  |b SIRP  |d 2017-10-05  |l 0  |o 327 P3  |p SIRP04786  |r 2017-10-05  |w 2017-10-05  |y BK